| 000 | 00960cam a2200217K 4500 | ||
|---|---|---|---|
| 082 |
_a940.27 _bBON |
||
| 100 | 1 |
_aBonnal, Henri, _950616 |
|
| 245 | 1 | 0 |
_aSadowa _ca study by General H. Bonnal; translated from the French by C.F. Atkinson. |
| 260 |
_aLondon, _bHugh Rees, _c1907. |
||
| 300 |
_a1 online resource (xiii, 255 p.) _b21 fold. maps. |
||
| 490 | 0 | _aThe Pall Mall military series | |
| 500 | _a"The present strategical study ... is a résumé, written in 1894, of a number of lectures delivered to the officers of the Staff College."--Author's pref. | ||
| 500 | _aThe maps are in a pocket at end of volume. | ||
| 526 |
_a0 _b0 _c0 _d940_270000000000000_BON |
||
| 650 | 0 |
_aAustro-Prussian War, 1866. _950280 |
|
| 650 | 0 |
_aKöniggrätz, Battle of, Sadová, Czech Republic, 1866. _950617 |
|
| 650 | 0 |
_aMCE _9379 |
|
| 700 | 1 |
_aAtkinson, Charles Francis, _946050 |
|
| 856 | 4 | 0 | _uhttp://catalog.hathitrust.org/api/volumes/oclc/2871834.html |
| 942 |
_2ddc _cBK |
||
| 999 |
_c553369 _d553369 |
||